000 00598nam a2200229Ia 4500
003 OSt
005 20220918205359.0
006 a|||||r|||| 00| 0
007 ta
008 220917b |||||||| |||| 00| 0 eng d
024 _a116,347
037 _cTextual
040 _aARTS
_cARTS
_beng
041 _2eng
_aeng
082 _aV6:10Y17:N5, K01
100 _aLomax Louis E
_9114931
245 0 _aReluctant African
260 _aNewyork
_bHarper and Brothers
_c1960
650 _aHISTORY
942 _hV6:10Y17:N5, K01
_cTEXL
_2CC
999 _c239674
_d239674